Statystyki dla Odgadnij postacie historyczne po tym czym zasłyneły

Kliknij tutaj aby rozwiązać quiz!

Ogólne statystyki

  • Ten quiz został rozwiązany 185 razy
    (175 od ostatniego zresetowania)
  • Średni wynik to 16 z 20

Statystyki odpowiedzi

ZagadnienieOdpowiedź% Poprawnych
Adolf Hitler zapisał się w historii poprzez?Przeprowadzenie Holokaustu, atak na Polskę powodując drugą wojnę światową.
99%
Maria Skłodowska-Curie zapisała się w historii poprzez?Fizyczka i chemiczka, dwukrotna laureatka Nagrody Nobla.
94%
Leonardo da Vinci zapisał się w historii poprzez?Narysował między innymi Mona Lisę.
94%
Mikołaj Kopernik zapisał się w historii poprzez?Autor który stworzył dzieło "o obrotach sfer niebieskich".
93%
Włodzimierz Lenin zapisał się w historii poprzez?Rozpowszechnieniem komunizmu w Rosji.
90%
Poncjusz Piłat zapisał się w historii poprzez?Zatwierdził wyrok na Jezusie.
89%
Charles Darwin zapisał się w historii poprzez?Twórca teorii ewolucji.
88%
Izaak Newton zapisał się w historii poprzez?Odkrywca trzech zasad dynamiki i prawa powszechnego ciążenia. Uznawany za jednego z najwybitniejszych i najważniejszych uczonych wszech czasów
86%
George Washington zapisał się w historii poprzez?Został pierwszym prezydentem USA, uważany za ojca narodu amerykańśkiego.
86%
Katarzyna II Wielka zapisała się w historii poprzez?Wyprowadziła Rosję na "salony" Europy. Pozwoliła kobietom się uczyć
85%
Gawriło Principa zapisał się w historii poprzez?Zastrzelenie arcyksięcia Austrio-Węgierskiego Franciszka Ferdynanda
82%
Tadeusz Kościuszko zapisał się w historii poprzez?Wszczął powstanie przeciw Rosji, zwane insurekcją. Po upadku wyjechał do USA
77%
Vasco da Gama zapisał się w historii poprzez?Jako pierwszy dotarł drogą morską z Europy do Indii, opływając Afrykę,
74%
Joanna d’Arc zapisała się w historii poprzez?Podczas wojny stuletniej poprowadziła armię francuską do kilku ważnych zwycięstw, twierdząc, że działa kierowana przez Boga.
74%
Louis Pasteur zapisał się w historii poprzez?Wynalazł Pasteryzację
74%
Juliusz Cezar zapisał się w historii poprzez?Przekroczył rubikon z wojskiem w kierunku Rzymu w celu przejęcia władzy.
67%
Justynian I Wielki zapisał się w historii poprzez?Za jego czasów Cesarstwo Bizantyńskie osiągnęło największą świetność w swych dziejach.
67%
Marcin Luter zapisał się w historii poprzez?Autor 95 tez potępiających praktykę sprzedaży odpustów, w których odrzucał możliwość kupienia łaski bożej.
65%
Guy Fawkes zapisał się w historii poprzez?Wziął udział w spisku który miał za zadanie zabić króla Anglii i Szkocji.
36%
Pitagoras zapisał się w historii poprzez?Uczony który jest kojarzony ze wzorem od swojego imienia.
33%

Rozkład punktacji

Percentyl według liczby udzielonych odpowiedzi

Procent ludzi z każdym wynikiem

Twoja historia wyników

Nie rozwiązałeś tego quizu od ostatniego zresetowania